The Volta review
| Previous Title: | Auditory outlook Association review |
|---|---|
| Corporate Authors: | , , |
| Format: | Electronic Journal |
| Language: | English |
| Published: |
Washington, D.C. :
Volta Bureau,
1910-
[Washington, D.C.] : Volta Speech Association for the Deaf (U.S.) [Washington, D.C] : Alexander Graham Bell Association for the Deaf Washington, DC : Published by the Alexander Graham Bell Association for the Deaf and Hard of Hearing |
| Subjects: | |
| Online Access: | Full text available from Research Library: 07/01/2004 to 12/31/2015 Full text available from Research Library: 01/01/2017 to present |
MARC
| LEADER | 00000nas a2200000 i 4500 | ||
|---|---|---|---|
| 001 | ssj0007858 | ||
| 003 | WaSeSS | ||
| 005 | 20200512172242.0 | ||
| 006 | m d | ||
| 007 | cr n | ||
| 008 | 031208c19109999dcutr pss 0 a0eng | ||
| 010 | |a 2011202332 | ||
| 022 | |a 2162-5158 |y 0042-8639 | ||
| 035 | |a (WaSeSS)ssj0007858 | ||
| 037 | |b Alexander Graham Bell Association for the Deaf and Hard of Hearing, 3417 Volta Place, NW, Washington, DC 20007 | ||
| 040 | |a FQM |b eng |e pn |c FQM |d OCLCQ |d UV$ |d OCLCQ |d UV0 |d FJM |d CO3 |d DLC |d OCLCQ |d OCLCF |d OCLCO |d TXA |d OCLCE |d OCLCQ |d GUA |d BUF |d EZC |d DKU |d U3W |d AU@ |d OCLCO |d WYU |d VT2 |d WaSeSS | ||
| 042 | |a pcc |a nsdp | ||
| 050 | 1 | 4 | |a HV2350 |b .V7 |
| 060 | 0 | 0 | |a W1 |b VO594 |
| 082 | 1 | 0 | |a 362 |2 14 |
| 222 | 4 | |a The Volta review |b (Online) | |
| 245 | 0 | 4 | |a The Volta review |h [electronic resource]. |
| 260 | |3 1910- : |a Washington, D.C. : |b Volta Bureau, |c 1910- | ||
| 260 | 2 | |3 1948- : |a [Washington, D.C.] : |b Volta Speech Association for the Deaf (U.S.) | |
| 260 | 2 | |3 1953- |a [Washington, D.C] : |b Alexander Graham Bell Association for the Deaf | |
| 260 | 3 | |3 1999- : |a Washington, DC : |b Published by the Alexander Graham Bell Association for the Deaf and Hard of Hearing | |
| 310 | |a Three times a year, |b 2009- | ||
| 321 | |a Frequency varies, |b 1910-2008 | ||
| 362 | 1 | |a Began with: Volume 12, number 1 (April 1910). | |
| 500 | |a Beginning in 1976 until <1999>, one no. per vol. is a separately paginated monograph. | ||
| 500 | |a Abstracts available v. 95, no. 3 (June 1993)- | ||
| 506 | |a License restrictions may limit access. | ||
| 515 | |a Not published Jan.-Mar. 1910, July-Aug. 1911, and Aug. 1912. | ||
| 515 | |a Some numbers issued in combined form. | ||
| 538 | |a Mode of access: World Wide Web. | ||
| 550 | |a Organ of the American Association to Promote the Teaching of Speech to the Deaf, Apr. 1910-Sept. 1948; of the Volta Speech Association for the Deaf, Oct. 1948-June 1953; of the Alexander Graham Bell Association for the Deaf, Sept. 1953- | ||
| 588 | |a Description based on: Volume 106, number 1 (spring 2006); title from PDF table of contents (Agbell.org, viewed July 25, 2011). | ||
| 588 | |a Latest issue consulted: Volume 115(1) (spring/summer 2015) (IngentaConnect, viewed October 9, 2015). | ||
| 650 | 0 | |a Deafness |v Periodicals. | |
| 650 | 7 | |a Deafness. |2 fast |0 (OCoLC)fst00888573 | |
| 650 | 2 | |a Deafness |v Periodicals. | |
| 650 | 2 | |a Education |v Periodicals. | |
| 650 | 2 | |a Societies |v Periodicals. | |
| 650 | 2 | |a Speech-Language Pathology |v Periodicals. | |
| 655 | 0 | |a Electronic journals. | |
| 710 | 2 | |a Volta Bureau (U.S.) | |
| 710 | 2 | |a Volta Speech Association for the Deaf (U.S.) | |
| 710 | 2 | |a Alexander Graham Bell Association for the Deaf. | |
| 776 | 0 | 8 | |i Print version, -2014: |t Volta review |x 0042-8639 |w (DLC) 13023527 |w (OCoLC)2501390 |
| 780 | 0 | 5 | |t Auditory outlook |w (OCoLC)561357034 |
| 780 | 0 | 0 | |t Association review |w (OCoLC)568160914 |
| 856 | 4 | 0 | |z Full text available from Research Library: 07/01/2004 to 12/31/2015 |u https://search.proquest.com/publication/41448 |
| 856 | 4 | 0 | |z Full text available from Research Library: 01/01/2017 to present |u https://search.proquest.com/publication/41448 |